| 000 | 01414 a2200229 4500 | ||
|---|---|---|---|
| 001 | 48757 | ||
| 005 | 20260407155753.0 | ||
| 008 | 260407a1990 arg spa d | ||
| 003 | AR-UNSa-BCEJYS | ||
| 040 |
_aAR-UNSa-BCEJYS _bspa _cAR-UNSa-BCEJYS |
||
| 080 |
_a57.08+338 _xBiotecnología y Economía Política |
||
| 245 | 1 | 0 |
_aBiotecnología y economía política _pestudios del caso argentino |
| 020 | _a950-25-1336-3 | ||
| 264 | 1 |
_aBuenos Aires : _bCentro Editor de America Latina _c1990 |
|
| 300 |
_a187 p. _c21 cm. |
||
| 505 | _aPrimera Parte: 1. Nuevas tecnologías y países periféricos: rasgos centrales del debate teórico contemporáneo - 2. La biotecnología y su desarrollo actual en Argentina - - Segunda Parte: 3. Licencias internacionales y aprendizaje tecnológico interno: producción local de enzimas microbianas - 4. Innovación genética y esfuerzos públicos de investigación y desarrollo: nuevos híbridos en el INTA - 5. Biotecnología e industria farmacéutica. Desarrollo y producción del interferón natural y recombinante en un laboratorio argentino - - Tercera Parte: 6. Patentes y biotecnología - 7. Algunas reflexiones finales sobre innovación biotecnológica en Argentina y la teoría del cambio técnico en los países periféricos. | ||
| 041 | _aspa | ||
| 942 | _cBK | ||
| 590 | _aniveau_biblio:m niveau_hierar:0 | ||
| 100 | 1 | _aBercovich, Néstor | |
| 700 | 1 | _aKatz, Jorge | |
| 999 |
_c4694 _d4694 |
||